Lengua castellana y literatura : 3º Secundaria

Gespeichert in:
Bibliographische Detailangaben
Weitere Verfasser: Bouza Álvarez, María Teresa González Bernal, José Manuel Quilis, Antonio
Format: Buch
Sprache:Spanisch
Erschienen: San Fernando de Henares, Madrid : Oxford University Press España, 2002
Katalog:MANES:  Suchergebnis im Bibliothekskatalog
Schulbuchspezifische Eigenschaften:
Schriftenreihe:Proyecto Exedra
Tags: Tag hinzufügen
Keine Tags, Fügen Sie den ersten Tag hinzu!
Hinzugefügt zu:09.02.2019
Geändert in:07.05.2025

MARC

LEADER 00000cam a2200000 i 4500
005 20250507134505.0
008 190210s2002 espao fp 000 0 spa d
020 |a 8481045462 
040 |a uned  |b spa  |c entro-manes 
245 0 0 |a Lengua castellana y literatura :   |b 3º Secundaria /   |c autores, Mª Teresa Bouza Álvarez ... [et al.] ; asesoría y revisión técnica, Antonio Quilis 
260 |a San Fernando de Henares, Madrid :   |b Oxford University Press España,   |c 2002 
300 |a 287 p. :   |b il. 
490 0 |a Proyecto Exedra 
546 |a España 
561 |5 es-BUNED  |3 L.T.M. 1894  |a España. Fondo Manes UNED  |k MANES 
690 0 |a LEN 
700 1 |a Bouza Álvarez, María Teresa  |9 39341  |a González Bernal, José Manuel  |9 39342  |a Quilis, Antonio  |9 39343 
942 |2 ddc  |c BK 
999 |c 95639  |d 95639 
999 |c manes:95639  |d 95639